Catálogo
 En Linea

Las Brujas de Salem / (Registro nro. 42128)

Detalles MARC
000 -CABECERA
campo de control de longitud fija 00528nam a2200169 a 4500
001 - NÚMERO DE CONTROL
campo de control 000042639
005 - FECHA Y HORA DE LA ÚLTIMA TRANSACCIÓN
campo de control 20201002040307.0
008 - DATOS DE LONGITUD FIJA--INFORMACIÓN GENERAL
campo de control de longitud fija 140203s1997 sp af 000 0 spa d
020 ## - NÚMERO INTERNACIONAL ESTÁNDAR DEL LIBRO
Número Internacional Estándar del Libro 8483105276
040 ## - FUENTE DE LA CATALOGACIÓN
Centro catalogador/agencia de origen DO-SdBNP
Lengua de catalogación spa
Centro/agencia transcriptor BNPHU
082 ## - NÚMERO DE LA CLASIFICACIÓN DECIMAL DEWEY
Número de clasificación xxxxx
Número de documento/Ítem xxxxx
100 1# - ENTRADA PRINCIPAL--NOMBRE DE PERSONA
Nombre de persona Miller, Arthur
9 (RLIN) 69907
245 14 - MENCIÓN DE TÍTULO
Título Las Brujas de Salem /
Mención de responsabilidad, etc. Arthur Miller ; edicción y coordinación Ángel Facio.
260 ## - PUBLICACIÓN, DISTRIBUCIÓN, ETC.
Lugar de publicación, distribución, etc. Barcelona, :
Nombre del editor, distribuidor, etc. Teatro español,
Fecha de publicación, distribución, etc. 1997.
300 ## - DESCRIPCIÓN FÍSICA
Extensión 303 p. :
Otras características físicas il., lam. ;
Dimensiones 20 cm.
700 1# - PUNTO DE ACCESO ADICIONAL--NOMBRE DE PERSONA
Nombre de persona Facio, Ángel,
Término indicativo de función/relación ed.
9 (RLIN) 69908
Existencias
Estado de retiro Estado de pérdida Restricciones de uso No para préstamo Código de colección Localización permanente Ubicación/localización actual Ubicación en estantería Fecha de adquisición Número de inventario Total de préstamos Signatura topográfica completa Código de barras Fecha visto por última vez Precio válido a partir de Tipo de ítem Koha Número de copia
      Excluido de préstamo Monografías: Libros y Folletos General General En catalogación 03.02.2014 LF1   xxxxx xxxxx 42639-10 25.06.2020 25.06.2020 No se presta  
      Excluido de préstamo Monografías: Libros y Folletos General General En catalogación 04.02.2014 LF1   xxxxx xxxxx 42639-20 25.06.2020 25.06.2020 No se presta e. 2

Con tecnología Koha